Smrť

Bibliographic Details
Format: Article
Language:Slovak
PhysicalDescription:Obr. 17
Subjects:

MARC

LEADER 00000nab a2200000 a 4500
001 vtls000606165
003 SK-MaSNL
005 20260304033236.0
008 160401c1996 xo 0 slo
015 |a SNBRB19rr/mm-uuuuu 
035 |a CL0606304 
040 |a SNKBUCL  |b slo  |c SNKBUCL  |e AACR2 
041 0 |a slo 
044 |a xo  |c SK 
080 |a 73/76:393  |2 1981 
080 |a 393  |2 1981 
245 0 0 |a Smrť 
300 |b Obr. 17 
650 0 7 |a výtvarné umenie  |2 snkbucl  |9 723 
650 0 7 |a smrť  |2 snkbucl  |9 2593 
655 7 |a články z novín a časopisov  |2 snkbucl  |9 267496 
773 0 |t Profil  |g Č. 1-2 (1996), s. 130-139 
850 |a Slovenská národná knižnica v Martine  |a MTA001 
852 |a SNK  |b KIS3GCP 
958 |a RK 
958 |a RBX 
999 |c 2647421  |d 2649351